LEADER 02123oam 2200589 450 001 9910707363603321 005 20160715145737.0 035 $a(CKB)5470000002463881 035 $a(OCoLC)885120975 035 $a(EXLCZ)995470000002463881 100 $a20140802d1960 ua 0 101 0 $aeng 135 $aurn|||||||||| 181 $ctxt$2rdacontent 181 $ccri$2rdacontent 182 $cc$2rdamedia 183 $acr$2rdacarrier 200 10$aBeryl-bearing pegmatites in the Ruby Mountains and other areas in Nevada and northwestern Arizona /$fby Jerry C. Olson and E. Neal Hinrichs 210 1$aWashington, D.C. :$cUnited States Department of the Interior, Geological Survey,$d1960. 210 2$aWashington, D.C. :$cGovernment Printing Office. 215 $a1 online resource (v, 135-200 pages, 3 pages of plates) $cillustrations, maps 225 1 $aGeological Survey bulletin ;$v1082-D 225 1 $aContributions to economic geology 300 $a"Prepared on behalf of the U.S. Atomic Energy Commission and is published with the permission of the Commission." 300 $aTitle from title screen (viewed July 23, 2014). 320 $aIncludes bibliographical references (pages 197-198) and index. 606 $aPegmatites$zArizona 606 $aPegmatites$zNevada$zRuby Mountains 606 $aPegmatites$zNevada 606 $aPegmatites$2fast 607 $aArizona$2fast 607 $aNevada$2fast 607 $aNevada$zRuby Mountains$2fast 615 0$aPegmatites 615 0$aPegmatites 615 0$aPegmatites 615 7$aPegmatites. 700 $aOlson$b J. C$g(Jerry Chipman),$f1917-2013,$01392464 702 $aHinrichs$b E. Neal 712 02$aGeological Survey (U.S.), 712 02$aU.S. Atomic Energy Commission, 801 0$bCOP 801 1$bCOP 801 2$bOCLCO 801 2$bOCLCA 801 2$bOCLCF 801 2$bTRAAL 801 2$bGPO 906 $aBOOK 912 $a9910707363603321 996 $aBeryl-bearing pegmatites in the Ruby Mountains and other areas in Nevada and northwestern Arizona$93496116 997 $aUNINA